[Event "RUS-ch Men Blitz 2019"]
[Site "Sochi"]
[Date "2019.10.17"]
[Round "8.3"]
[White "Nozdrachev, Vladislav"]
[Black "Shimanov, Aleksandr"]
[Result "0-1"]
[WhiteElo "2494"]
[BlackElo "2587"]
[Annotator "TA"]
[PlyCount "84"]
[EventDate "2019.10.17"]
[EventType "swiss"]
[EventCountry "RUS"]
[SourceTitle "playchess.com"]
[Source "ChessBase"]
[SourceQuality "1"]

{[%evp 15,84,18,23,8,22,29,26,26,26,22,27,18,28,10,50,7,32,0,26,9,26,-3,0,0,0,-21,0,0,0,6,27,39,23,16,23,28,43,0,15,0,4,-114,-118,-100,-91,-106,8,0,12,0,0,0,0,-16,-17,-875,-872,-984,-783,-29987,-29988,-29990,-29991,-29992,-29993,-29993,-29994,-29994,-29993,-29994,-29995]} 1. e4 c6 2. d4 d5 3. Nc3 dxe4 4. Nxe4 Nf6 5. Nxf6+ exf6 6. Bc4 Bd6 7. Qe2+ Qe7 8. Qxe7+ Kxe7 9. c3 $146 {B15: Caro-Kann: 3 Nc3: 3...g6 and 3...dxe4 4 Nxe4 Nf6 5 Nxf6+ exf6} ({Predecessor:} 9. Bd2 Be6 10. Bxe6 fxe6 11. O-O-O c5 12. Ne2 Nc6 13. Be3 cxd4 14. Nxd4 Nxd4 15. Rxd4 Bc5 {½-½ (15) Movsesian,S (2627)-Berkes,F (2666) Skopje 2019}) 9... Be6 10. Bd3 Nd7 11. Ne2 {White has an edge.} b5 12. Nf4 Nb6 13. Nxe6 fxe6 14. Kd1 Rhc8 15. Kc2 Kf7 16. g3 (16. Bxh7 g6 $17) 16... a6 17. h4 ({Not} 17. Bxh7 g6 $17) 17... h5 18. Bd2 c5 19. dxc5 Bxc5 20. f3 Rab8 21. g4 hxg4 22. fxg4 Nc4 23. Bxc4 bxc4 24. Rae1 e5 25. h5 Be7 26. Re4 Ke6 27. Rd1 Rc6 28. Be3 (28. b4 $11) 28... f5 $17 29. gxf5+ Kxf5 30. Re1 Rh8 (30... Kxe4 $17 31. Ba7+ Kf5 32. Bxb8 Bf6) 31. Bd4 $11 exd4 32. Rxe7 {[%mdl 4096] Endgame KRR-KRR} d3+ 33. Kd1 Kf6 34. R7e5 Rb8 35. Kc1 $2 {[%mdl 8192]} (35. b3 $11) 35... Rd6 $19 36. Kd1 Rxb2 {[#] ( -> ...d2)} 37. R1e4 Rxa2 {Black mates.} 38. Re8 Rb6 {[%cal Rb6b1]} 39. Rf8+ Kg5 {[%cal Rb6b1]} 40. Re5+ Kg4 {[%cal Rb6b1]} 41. Re4+ Kxh5 {[%cal Rb6b1]} 42. Re5+ Kg6 {Accuracy: White = 38%, Black = 47%.} 0-1

[Event "RUS-ch Men Blitz 2019"]
[Site "Sochi"]
[Date "2019.10.17"]
[Round "8.4"]
[White "Sakaev, Konstantin"]
[Black "Yudin, Sergei"]
[Result "0-1"]
[WhiteElo "2595"]
[BlackElo "2497"]
[Annotator "TA"]
[PlyCount "70"]
[EventDate "2019.10.17"]
[EventType "swiss"]
[EventCountry "RUS"]
[SourceTitle "playchess.com"]
[Source "ChessBase"]
[SourceQuality "1"]

{[%evp 15,70,14,16,19,22,18,34,31,42,42,42,10,25,22,27,30,47,41,47,54,43,32,30,34,29,34,40,12,45,49,60,6,10,9,9,13,41,16,40,0,0,0,0,0,37,20,117,134,125,61,244,-23,-22,-106,0,-951,-940]} 1. d4 d5 2. c4 e6 3. Nf3 c6 4. e3 Bd6 5. Be2 f5 6. O-O Nf6 7. b3 Qe7 8. Bb2 O-O 9. Qc1 {A84: Dutch Defence: 2 c4 Miscellaneous} Ne4 10. Ba3 Nd7 11. Bxd6 {White is slightly better.} Qxd6 12. Qa3 c5 13. cxd5 exd5 {[#]} 14. dxc5 $146 ({Predecessor:} 14. Rd1 f4 15. Qc1 fxe3 16. Qxe3 cxd4 17. Qxd4 {½-½ (30) Dreev,A (2652)-Yudin,S (2524) Khanty-Mansiysk 2016}) 14... Ndxc5 15. b4 Nd7 16. Nc3 Ndf6 17. Nb5 Qb6 18. Qa5 Bd7 19. Qxb6 axb6 20. Nfd4 Rfc8 21. a4 Nc3 (21... g6 {is more complex.} 22. Bd3 Nc3 23. Nd6 Rc7 24. Rfc1 Rxa4 25. Rxa4 Bxa4 26. Nxb7 Nfe4) 22. Nxc3 Rxc3 23. Bb5 (23. Rfb1 $14) 23... Bxb5 24. axb5 Rxa1 25. Rxa1 $11 {[%mdl 4096] Endgame KRN-KRN} g6 (25... f4 $5 {[%cal Rf4e3]}) 26. h3 Ne4 27. f3 Nd6 28. Kf2 Nc4 29. Ra8+ Kg7 30. Rb8 Rxe3 (30... Ra3 $11) 31. Rxb7+ $16 Kh6 32. Rd7 ({Better is} 32. Kg3 $16) 32... Rd3 $2 {[#]} (32... f4 $14) 33. Rxd5 $2 (33. Ne6 $1 $18) 33... Rd2+ $11 34. Kg3 {[#]} (34. Ke1 $1 $11 {keeps the balance.} Rxg2 35. Ne6) 34... Ne3 ({Black should try} 34... Rxg2+ $1 $17 {[%mdl 512]} 35. Kxg2 Ne3+ {[%mdl 64] Double Attack} 36. Kg3 Nxd5) 35. Kf4 $2 {[%mdl 8192]} (35. Rd6 $11) 35... Nxd5+ {Accuracy: White = 38%, Black = 40%.} 0-1

[Event "RUS-ch Men Blitz 2019"]
[Site "Sochi"]
[Date "2019.10.17"]
[Round "8.5"]
[White "Popov, Valerij"]
[Black "Rublevsky, Sergei"]
[Result "0-1"]
[WhiteElo "2535"]
[BlackElo "2651"]
[Annotator "TA"]
[PlyCount "68"]
[EventDate "2019.10.17"]
[EventType "swiss"]
[EventCountry "RUS"]
[SourceTitle "playchess.com"]
[Source "ChessBase"]
[SourceQuality "1"]

{[%evp 11,87,0,0,0,0,-5,6,-1,-7,-14,-6,-18,-14,-20,0,0,23,0,29,24,52,25,24,0,1,-2,83,54,62,70,95,82,93,85,94,70,78,75,105,89,100,96,122,-8,-8,-5,-8,-8,0,0,0,-7,-2,-135,-143,-459,-417,-358,-277,-302,-253,-229,-154,-164,-139,-155,-156,-355,-250,-226,-229,-279,-279,-279,-279,-279,-279,-127]} 1. c4 Nf6 2. g3 c6 3. Nf3 d5 4. b3 Bg4 5. Bg2 e6 6. Bb2 Nbd7 7. h3 {A12: English Opening: 1...c6 with b3 by White} Bh5 8. O-O $1 Bd6 9. Nc3 {The position is equal.} (9. d3 Qe7 10. a3 O-O 11. Nbd2 a5 12. Nh4 Rfd8 13. Re1 b5 14. Qc2 bxc4 15. bxc4 Rab8 16. Bc3 Bxa3 17. g4 Bg6 18. Nxg6 hxg6 19. Bxa5 Rdc8 {1-0 (97) Karjakin,S (2752)-Amin,B (2704) Abidjan 2019}) 9... O-O 10. d3 Re8 11. a3 a5 12. Qc2 Qe7 $146 ({Predecessor:} 12... Qb6 13. Na4 Qa7 14. Nd4 Rac8 15. Qd2 Bg6 16. cxd5 exd5 17. Bc3 {½-½ (37) Filip,M-Darga,K Beverwijk 1964}) 13. Rfe1 Rad8 14. e3 Bxf3 15. Bxf3 Ne5 16. Be2 h5 17. d4 Ng6 18. Bd3 Nf8 (18... e5 $11) 19. c5 Bb8 20. f4 $1 $36 {[%mdl 2048] White is pushing.} N6h7 21. b4 axb4 22. axb4 g5 23. Rf1 f5 24. b5 h4 25. g4 gxf4 26. exf4 Qg7 27. Qf2 (27. Kh1 $16) 27... fxg4 $11 28. hxg4 Qxg4+ 29. Kh2 {[#] Threatens to win with Rg1.} Kh8 30. bxc6 bxc6 31. Ne2 Ng6 ({Much worse is} 31... Ng5 $6 32. Qg2 $16) 32. Bxg6 (32. Qf3 $11 {keeps the balance.} Qxf3 33. Rxf3) 32... Qxg6 $17 33. Ng1 $2 {[%mdl 8192]} (33. Ra3 $17) 33... Rg8 34. Nh3 Qf5 {Played: Rd8-f8} 0-1

[Event "RUS-ch Men Blitz 2019"]
[Site "Sochi"]
[Date "2019.10.17"]
[Round "8.6"]
[White "Lysyj, Igor"]
[Black "Triapishko, Alexandr"]
[Result "1/2-1/2"]
[WhiteElo "2596"]
[BlackElo "2514"]
[Annotator "ChessBase"]
[PlyCount "119"]
[EventDate "2019.10.17"]
[EventType "swiss"]
[EventCountry "RUS"]
[SourceTitle "playchess.com"]
[Source "ChessBase"]
[SourceQuality "1"]
[TimeControl "180+2"]

1. d4 {[%emt 0:00:00]} Nf6 {[%emt 0:00:00]} 2. c4 {[%emt 0:00:00]} e6 {[%emt 0:00:00]} 3. Nf3 {[%emt 0:00:01]} d5 {[%emt 0:00:01]} 4. g3 {[%emt 0:00:01]} dxc4 {[%emt 0:00:02]} 5. Bg2 {[%emt 0:00:01]} Bb4+ {[%emt 0:00:01]} 6. Bd2 {[%emt 0:00:01]} c5 {[%emt 0:00:01]} 7. Bxb4 {[%emt 0:00:10]} cxb4 {[%emt 0:00:01]} 8. Ne5 {[%emt 0:00:09]} O-O {[%emt 0:00:03]} 9. O-O {[%emt 0:00:20]} Nc6 {[%emt 0:00:15]} 10. Bxc6 {[%emt 0:00:04]} bxc6 {[%emt 0:00:01]} 11. a3 {[%emt 0:00:01]} bxa3 {[%emt 0:00:39]} 12. Nxa3 {[%emt 0:00:05]} Qd5 {[%emt 0:00:21]} 13. Naxc4 {[%emt 0:00:12]} c5 {[%emt 0:00:02]} 14. dxc5 {[%emt 0:00:14]} Qxc5 {[%emt 0:00:02]} 15. Qd6 {[%emt 0:00:02]} Ne4 {[%emt 0:00:50]} 16. Qxc5 Nxc5 {[%emt 0:00:01]} 17. b4 {[%emt 0:00:39]} Nb3 {[%emt 0:00:36]} 18. Ra3 {[%emt 0:00:21]} Nd4 {[%emt 0:00:03]} 19. Rd1 {[%emt 0:00:02]} Nb5 {[%emt 0:00:11]} 20. Ra5 {[%emt 0:00:13]} Nc3 {[%emt 0:00:17]} 21. Rd3 {[%emt 0:00:11]} Nd5 {[%emt 0:00:04]} 22. b5 {[%emt 0:00:14]} f6 {[%emt 0:00:05]} 23. Nc6 {[%emt 0:00:06]} Bd7 {[%emt 0:00:06]} 24. e4 {[%emt 0:00:03]} Bxc6 {[%emt 0:00:02]} 25. bxc6 {[%emt 0:00:02]} Nb4 {[%emt 0:00:02]} 26. Rd6 {[%emt 0:00:03]} Rac8 {[%emt 0:00:02]} 27. Rc5 {[%emt 0:00:13]} Na6 {[%emt 0:00:02]} 28. Rb5 {[%emt 0:00:02]} Nb8 {[%emt 0:00:02]} 29. Na5 {[%emt 0:00:04]} Na6 {[%emt 0:00:01]} 30. Rd7 {[%emt 0:00:03]} Rf7 {[%emt 0:00:02]} 31. Rbb7 {[%emt 0:00:02]} Rcf8 {[%emt 0:00:04]} 32. Rxa7 {[%emt 0:00:04]} Rxd7 33. Rxd7 {[%emt 0:00:03]} Nb8 {[%emt 0:00:03]} 34. Re7 {[%emt 0:00:02]} Rc8 {[%emt 0:00:02]} 35. Rxe6 {[%emt 0:00:03]} Kf7 {[%emt 0:00:00]} 36. Rd6 Ke7 37. Rd1 {[%emt 0:00:04]} Nxc6 {[%emt 0:00:02]} 38. Rc1 {[%emt 0:00:01]} Na7 {[%emt 0:00:02]} 39. Rxc8 {[%emt 0:00:01]} Nxc8 {[%emt 0:00:00]} 40. f3 {[%emt 0:00:02]} Kd6 {[%emt 0:00:04]} 41. Nc4+ {[%emt 0:00:02]} Kc5 {[%emt 0:00:01]} 42. Ne3 {[%emt 0:00:01]} Nd6 {[%emt 0:00:05]} 43. Kf2 {[%emt 0:00:02]} Kd4 {[%emt 0:00:04]} 44. g4 {[%emt 0:00:03]} g6 {[%emt 0:00:02]} 45. h4 {[%emt 0:00:03]} h5 {[%emt 0:00:02]} 46. gxh5 {[%emt 0:00:04]} gxh5 {[%emt 0:00:00]} 47. Nc2+ {[%emt 0:00:03]} Ke5 {[%emt 0:00:03]} 48. Ne3 {[%emt 0:00:03]} Kd4 {[%emt 0:00:02]} 49. Nc2+ {[%emt 0:00:06]} Ke5 {[%emt 0:00:01]} 50. Nb4 {[%emt 0:00:02]} f5 {[%emt 0:00:03]} 51. Nc6+ {[%emt 0:00:01]} Kf4 {[%emt 0:00:03]} 52. e5 {[%emt 0:00:02]} Nc8 {[%emt 0:00:03]} 53. e6 {[%emt 0:00:01]} Nd6 {[%emt 0:00:01]} 54. e7 {[%emt 0:00:02]} Ne8 {[%emt 0:00:02]} 55. Ke2 {[%emt 0:00:04]} Nf6 {[%emt 0:00:02]} 56. Nd4 {[%emt 0:00:04]} Ke5 {[%emt 0:00:02]} 57. Nb5 {[%emt 0:00:02]} Ke6 {[%emt 0:00:01]} 58. Ke3 {[%emt 0:00:01]} Nd5+ {[%emt 0:00:01]} 59. Kd4 {[%emt 0:00:02]} Nxe7 {[%emt 0:00:01]} 60. Ke3 {[%emt 0:00:03]} 1/2-1/2

[Event "RUS-ch Men Blitz 2019"]
[Site "Sochi"]
[Date "2019.10.17"]
[Round "8.7"]
[White "Grachev, Boris"]
[Black "Yuffa, Daniil"]
[Result "1-0"]
[WhiteElo "2621"]
[BlackElo "2577"]
[Annotator "TA"]
[PlyCount "89"]
[EventDate "2019.10.17"]
[EventType "swiss"]
[EventCountry "RUS"]
[SourceTitle "playchess.com"]
[Source "ChessBase"]
[SourceQuality "1"]

{[%evp 13,89,20,46,0,0,0,3,-4,0,-10,0,0,7,10,24,0,17,20,88,75,105,0,13,-12,0,0,45,61,87,100,93,87,188,190,176,176,208,208,200,206,200,126,127,116,327,285,259,0,321,315,297,276,424,150,143,162,205,199,312,296,465,464,466,442,486,389,374,370,29989,29990,29993,29992,29994,29993,29995,29994,29994,1406]} 1. Nf3 d6 2. d4 Nf6 3. g3 g6 4. Bg2 Bg7 5. O-O O-O 6. c4 Bf5 7. Nc3 Ne4 8. Bd2 {E60: King's Indian: Unusual lines and Fianchetto Variation without Nc3} Nxd2 9. Qxd2 Nc6 10. h3 {The position is equal.} (10. d5 Na5 11. b3 c5 12. e4 Bd7 13. Rae1 Qc7 {½-½ (90) Onischuk,A (2667)-Caruana,F (2817) Saint Louis 2017}) 10... e5 $146 {[%cal Rc6d4]} ({Predecessor:} 10... Na5 11. b3 c5 12. Rad1 cxd4 13. Nxd4 Bd7 14. e3 Rc8 15. Nd5 Nc6 {½-½ (42) Shapiro,D (2326)-Rozum,I (2581) Ekaterinburg 2018}) 11. e3 Re8 12. Rad1 a6 13. dxe5 dxe5 14. Qe2 Qc8 15. g4 $36 {[%mdl 2048] White is pushing.} Bd7 (15... Nd4 $11 16. exd4 exd4 17. gxf5 Rxe2 18. Nxe2 Qxf5) 16. Ng5 $16 Nd8 17. Nce4 (17. Rd2 $16) 17... Bc6 {And now ...h6 would win.} 18. Nc5 {[%cal Be4c5,Bc5d7,Bd7f6][%mdl 32]} Bxg2 19. Kxg2 h6 20. Nge4 Ne6 21. Nd7 Re7 22. Ndf6+ Kh8 (22... Bxf6 $16 {might work better.} 23. Nxf6+ Kg7) 23. Qf3 $18 Qf8 24. Rd2 Rd8 {...Rxd2 is the strong threat.} 25. Rfd1 Rxd2 26. Rxd2 c6 27. c5 Rc7 28. b4 Rc8 $2 (28... Qe7 $16 {was necessary.}) 29. Rd7 Rc7 30. Rd2 Rc8 $1 31. h4 Rd8 32. Rd6 Rxd6 (32... Qe7 $142 33. g5 Bxf6) 33. Nxd6 $2 (33. cxd6 $18 {is the precise move to win. Hoping for g5.} Qd8 34. g5) 33... Qe7 $16 {[#]} 34. Nfe4 $1 Kg8 35. h5 gxh5 (35... Bh8 $142 36. Qd1 Qd7 37. hxg6 fxg6) 36. gxh5 Nc7 (36... Ng5 $142 37. Nxg5 Qxg5+ 38. Kf1 Qe7) 37. Nf5 $18 Qf8 38. Qg4 Ne6 39. a3 Kh8 40. Ned6 Kg8 $2 (40... Nd8 $18 41. Kf1 Kh7) 41. Nxh6+ {[%mdl 64] [#] Double Attack. White mates.} Kh8 42. Nhxf7+ Kh7 43. Qg6+ Kg8 44. Nh6+ Kh8 45. Ndf7+ {Accuracy: White = 56%, Black = 26%.} 1-0

[Event "RUS-ch Men Blitz 2019"]
[Site "Sochi"]
[Date "2019.10.17"]
[Round "8.8"]
[White "Kokarev, Dmitry"]
[Black "Khegay, Dmitriy"]
[Result "0-1"]
[WhiteElo "2593"]
[BlackElo "2509"]
[Annotator "TA"]
[PlyCount "54"]
[EventDate "2019.10.17"]
[EventType "swiss"]
[EventCountry "RUS"]
[SourceTitle "playchess.com"]
[Source "ChessBase"]
[SourceQuality "1"]

{[%evp 9,54,21,33,27,44,35,53,46,28,47,30,29,32,-33,14,0,0,0,0,0,12,16,13,22,8,3,17,25,11,-18,-8,-30,-43,-67,-65,-81,-84,-267,-276,-707,-697,-897,-880,-1000,-991,-1023,-1010]} 1. g3 d5 2. Nf3 Nc6 3. d4 Bg4 4. Bg2 e6 5. O-O Bd6 6. c4 {D02: 1 d4 d5 2 Nf3 sidelines, including 2...Nf6 3 g3 and 2...Nf6 3 Bf4} Nf6 7. cxd5 (7. Nc3 O-O 8. cxd5 Nxd5 9. h3 Bh5 10. e4 Nxc3 11. bxc3 Rb8 12. Rb1 f6 13. Be3 b6 14. Qc2 e5 15. Nh4 Na5 16. Nf5 Nc4 {0-1 (48) Smirin,I (2609)-Yakubboev,N (2556) St Petersburg 2018}) 7... Nxd5 8. h3 {White is slightly better.} Bh5 9. e4 Nb6 10. Be3 $146 ({Predecessor:} 10. Nc3 O-O 11. Be3 f5 12. Qb3 f4 13. gxf4 Bxf4 14. Qxe6+ {0-1 (58) Konopka,M (2453)-Karpatchev,A (2456) Germany 2013}) 10... O-O 11. Qc2 ({White should play} 11. g4 $14 Bg6 12. Nbd2) 11... Qd7 (11... Bxf3 $5 12. Bxf3 Qf6 $11) 12. a3 f5 13. e5 Be7 14. Nc3 Bxf3 15. Bxf3 Nxd4 16. Bxd4 Qxd4 17. Rad1 Qxe5 18. Rfe1 Qf6 19. Qb3 c6 20. Rxe6 Qf7 21. Rde1 Bf6 22. a4 {[#] White wants to play a5.} Rae8 $1 {[%mdl 512] And now ...Bxc3 would win.} 23. a5 $2 (23. Bd1 $17 {is a better defense.} Rxe6 24. Rxe6) (23. Rxe8 Qxb3) 23... Nd7 $19 {White must now prevent ...Nc5.} 24. Bd1 $2 (24. Bd5 cxd5 25. Rxe8 Rxe8 26. Rxe8+ Qxe8 27. Qxd5+ Qf7 28. Qxb7) 24... Nc5 $1 {[%csl LRb3,LRe6][%cal Re8e6][%mdl 64] Double Attack. Black is clearly winning.} 25. Rxe8 Nxb3 26. Rxf8+ Kxf8 27. a6 bxa6 {Accuracy: White = 31%, Black = 78%.} 0-1

[Event "RUS-ch Men Blitz 2019"]
[Site "Sochi"]
[Date "2019.10.17"]
[Round "8.9"]
[White "Potapov, Pavel"]
[Black "Morozevich, Alexander"]
[Result "1-0"]
[WhiteElo "2489"]
[BlackElo "2659"]
[Annotator "TA"]
[PlyCount "92"]
[EventDate "2019.10.17"]
[EventType "swiss"]
[EventCountry "RUS"]
[SourceTitle "playchess.com"]
[Source "ChessBase"]
[SourceQuality "1"]

{[%evp 16,92,35,30,32,16,33,29,29,37,26,17,8,0,0,-37,0,10,0,0,15,18,37,37,27,15,18,18,20,0,0,0,30,0,19,0,16,-110,-14,-15,-15,-17,-13,-12,-12,-10,-16,-11,-11,-18,-16,-50,-56,-79,-8,-8,-8,-58,-8,-28,-30,-37,0,0,0,-29976,-29977,-29977,-29978,-29978,-29979,-29979,-29980,-29980,-29981,-29981,-29982,-29984,-29984]} 1. e4 d6 2. d4 Nf6 3. Nc3 Nbd7 4. Nf3 e5 5. Bc4 Be7 6. O-O O-O 7. a4 a5 8. Re1 c6 9. h3 Nb6 {C41: Philidor Defence} 10. Ba2 Nfd7 11. Be3 exd4 {White has an edge.} 12. Bxd4 Nc5 13. Bxc5 dxc5 14. Qxd8 (14. Qe2 Qd6 15. Rad1 Qg6 16. Ne5 Qg5 17. Nf3 Qg6 18. Ne5 Qg5 19. Nf3 Qg6 20. Ne5 Qg5 {½-½ (20) Fressinet,L (2650)-Ponomariov,R (2663) Germany 2019}) 14... Rxd8 15. Rad1 Be6 16. Bxe6 fxe6 17. Kf1 $146 ({Predecessor:} 17. b3) 17... c4 18. Rxd8+ Rxd8 19. Ra1 Nd7 20. Rd1 Kf8 21. Ke2 Ke8 22. Nd4 Kf7 23. Nf3 Ke8 24. Nd4 Nc5 25. f4 g5 26. f5 (26. g3 $11 {keeps the balance.}) 26... exf5 (26... Bf6 $17 27. Ke3 (27. Nxe6 $2 Nxe6 28. fxe6 Bxc3 $19) 27... e5) 27. Nxf5 $11 Rxd1 28. Kxd1 $17 {[%mdl 4096] Endgame KBN-KNN} Bf6 29. Nd6+ $1 Kd7 30. Nxc4 Bxc3 31. bxc3 Nxa4 32. Nxa5 Nxc3+ $11 {KN-KN} 33. Kc1 b5 {[%cal Bb7b5,Bb5b4][%mdl 32]} 34. e5 c5 ({Black should try} 34... Ne2+ $17 35. Kd2 Nf4) 35. Kd2 Nd5 36. Nb3 c4 37. Nd4 b4 38. g3 Ne7 39. Ke3 Nc6 {Hoping for ...Nxd4.} 40. Nxc6 $2 {[%mdl 8192] [#]} (40. e6+ $11 Kd6 41. Nxc6 Kxc6 42. Kd4) 40... Kxc6 {KP-KP. Black mates.} 41. Kd4 b3 42. cxb3 cxb3 43. Kc3 Kd5 44. Kxb3 Kxe5 45. Kc3 {[#]} Ke4 $1 {[%cal Re4f3]} 46. h4 g4 {[%mdl 32768] Accuracy: White = 45%, Black = 52%. . Loss on time!?} 1-0

[Event "RUS-ch Men Blitz 2019"]
[Site "Sochi"]
[Date "2019.10.17"]
[Round "8.10"]
[White "Ulybin, Mikhail"]
[Black "Timofeev, Artyom"]
[Result "1/2-1/2"]
[WhiteElo "2455"]
[BlackElo "2595"]
[Annotator "ChessBase"]
[PlyCount "137"]
[EventDate "2019.10.17"]
[EventType "swiss"]
[EventCountry "RUS"]
[SourceTitle "playchess.com"]
[Source "ChessBase"]
[SourceQuality "1"]
[TimeControl "180+2"]

1. d4 {[%emt 0:00:02]} Nf6 {[%emt 0:00:00]} 2. c4 {[%emt 0:00:03]} g6 {[%emt 0:00:00]} 3. Nc3 {[%emt 0:00:03]} d5 {[%emt 0:00:01]} 4. cxd5 {[%emt 0:00:07]} Nxd5 {[%emt 0:00:02]} 5. Bd2 {[%emt 0:00:03]} Bg7 {[%emt 0:00:04]} 6. e4 {[%emt 0:00:04]} Nf6 {[%emt 0:00:02]} 7. Bg5 {[%emt 0:00:23]} O-O {[%emt 0:00:06]} 8. Qd2 {[%emt 0:00:10]} c5 {[%emt 0:00:06]} 9. d5 {[%emt 0:00:09]} a6 {[%emt 0:00:14]} 10. a4 {[%emt 0:00:28]} Nbd7 {[%emt 0:00:04]} 11. Nf3 {[%emt 0:00:11]} Rb8 {[%emt 0:00:01]} 12. a5 {[%emt 0:01:06]} b5 {[%emt 0:00:04]} 13. axb6 {[%emt 0:00:02]} Qxb6 {[%emt 0:00:06]} 14. Ra2 {[%emt 0:00:06]} Qb3 {[%emt 0:00:18]} 15. Bd3 {[%emt 0:00:04]} e6 {[%emt 0:00:23]} 16. Bc2 {[%emt 0:00:16]} Qc4 {[%emt 0:00:01]} 17. Bd3 {[%emt 0:00:03]} Qb4 {[%emt 0:00:01]} 18. O-O {[%emt 0:00:05]} exd5 {[%emt 0:00:02]} 19. exd5 {[%emt 0:00:03]} Nb6 {[%emt 0:00:05]} 20. d6 {[%emt 0:00:05]} Be6 {[%emt 0:00:01]} 21. Rxa6 {[%emt 0:00:02]} Nc4 {[%emt 0:00:01]} 22. Bxc4 {[%emt 0:00:04]} Bxc4 {[%emt 0:00:01]} 23. Ra4 {[%emt 0:00:01]} Bxf1 {[%emt 0:00:02]} 24. Rxb4 {[%emt 0:00:02]} cxb4 {[%emt 0:00:00]} 25. Kxf1 {[%emt 0:00:02]} bxc3 {[%emt 0:00:01]} 26. Qxc3 {[%emt 0:00:02]} Ne4 {[%emt 0:00:01]} 27. Qe3 {[%emt 0:00:01]} Nxg5 {[%emt 0:00:02]} 28. Nxg5 {[%emt 0:00:01]} Rxb2 {[%emt 0:00:02]} 29. g3 {[%emt 0:00:01]} Bh6 {[%emt 0:00:11]} 30. h4 {[%emt 0:00:04]} Rb1+ {[%emt 0:00:31]} 31. Kg2 {[%emt 0:00:02]} Bxg5 {[%emt 0:00:01]} 32. hxg5 {[%emt 0:00:01]} Rd1 {[%emt 0:00:01]} 33. Qe7 {[%emt 0:00:02]} Rd3 {[%emt 0:00:28]} 34. d7 {[%emt 0:00:02]} Kg7 {[%emt 0:00:03]} 35. Qf6+ {[%emt 0:00:03]} Kg8 {[%emt 0:00:01]} 36. Qe7 {[%emt 0:00:01]} Kg7 {[%emt 0:00:01]} 37. Kf1 {[%emt 0:00:01]} Rd2 {[%emt 0:00:01]} 38. Ke1 {[%emt 0:00:02]} Rd5 {[%emt 0:00:07]} 39. Ke2 {[%emt 0:00:01]} Kg8 {[%emt 0:00:03]} 40. Ke3 {[%emt 0:00:02]} Rd1 {[%emt 0:00:01]} 41. Kf4 {[%emt 0:00:02]} Rd2 {[%emt 0:00:04]} 42. f3 {[%emt 0:00:02]} Rd3 {[%emt 0:00:01]} 43. g4 {[%emt 0:00:01]} Rd1 {[%emt 0:00:02]} 44. Kg3 {[%emt 0:00:02]} Rd3 {[%emt 0:00:02]} 45. Kf2 {[%emt 0:00:02]} Rd5 {[%emt 0:00:01]} 46. f4 {[%emt 0:00:02]} Rd4 {[%emt 0:00:03]} 47. Ke3 {[%emt 0:00:01]} Rd1 {[%emt 0:00:01]} 48. Ke2 {[%emt 0:00:01]} Rd5 {[%emt 0:00:01]} 49. Kf3 {[%emt 0:00:03]} Rd1 {[%emt 0:00:01]} 50. Kf2 {[%emt 0:00:02]} Rd5 {[%emt 0:00:02]} 51. Ke2 {[%emt 0:00:04]} Rd4 {[%emt 0:00:02]} 52. f5 {[%emt 0:00:03]} Rd5 {[%emt 0:00:04]} 53. Ke3 {[%emt 0:00:03]} Rd1 {[%emt 0:00:01]} 54. Kf2 {[%emt 0:00:03]} Rd5 {[%emt 0:00:01]} 55. f6 {[%emt 0:00:02]} Rd1 {[%emt 0:00:02]} 56. Ke2 {[%emt 0:00:02]} Rd5 {[%emt 0:00:01]} 57. Ke3 {[%emt 0:00:02]} Rd1 {[%emt 0:00:00]} 58. Kf2 {[%emt 0:00:01]} Rd5 {[%emt 0:00:01]} 59. Qe8 {[%emt 0:00:02]} Rd1 {[%emt 0:00:03]} 60. Ke2 {[%emt 0:00:02]} Rd5 {[%emt 0:00:01]} 61. Qc8 {[%emt 0:00:02]} Rd6 62. Ke3 {[%emt 0:00:03]} Rd1 {[%emt 0:00:09]} 63. Ke4 {[%emt 0:00:02]} Rd2 {[%emt 0:00:01]} 64. Ke5 {[%emt 0:00:02]} Rd1 {[%emt 0:00:01]} 65. Ke4 {[%emt 0:00:04]} Rd2 {[%emt 0:00:01]} 66. Ke3 {[%emt 0:00:02]} Rd1 {[%emt 0:00:01]} 67. Ke2 {[%emt 0:00:02]} Rd5 {[%emt 0:00:00]} 68. Ke3 {[%emt 0:00:01]} Rd1 {[%emt 0:00:01]} 69. Ke4 {[%emt 0:00:02]} 1/2-1/2